1852 1269 1835 1558 1514 1563 1301 1703 1710 1414 1153 1589 1886 1839 1591 1903 1810 1705 1100 1358 2000 1731 1470 1000 1291 1476 1041 1811 1777 1111 1376 1811 1185 1830 1779 1900 1110 1079 1064 1761 1494 1802 1302 1463 1261 1446 1588 1823 1772 1057 1842 1328 1589 1533 1487 1009 1530 1517 1422 1911 1553 1320 1613 1913 1797 1935 1929 1591 1670 1170 1417 1138 1990 1778 1635 1095 1044 1328 1560 1040 1212 1996 1238 1658 1710 1065 1008 1073 1859 1410 1539 1681 1922 1240 1251 1838 1256 1605 1420 BCNSPRNW ULIB Ver.6.0+V

เปลี่ยนเป็นภาษาไทย

Change to English
 แสดงรายละเอียดบรรณานุกรม
  กลับหน้าหลัก

Brief Record : Get Marc (ISO 2709) : E-mail record : QR code < ปิดหน้าต่าง
LEADER : 00000nam 2200000uu 4500
001    13399121741
003     ULIB
008    121204s2549||||th 000 0 tha d
020    ^a9748137511
020    9789748137511
060 04 ^aWC534^bช424C
245 00 ^aCommunication skills...สื่อสารอย่างมีประสิทธิภาพเรื่อง ไข้เลือดออก /^cบรรณาธิการ, ชิษณุ พันธุ์เจริญ, อุษา ทิสยากร
246 30 ^aสื่อสารอย่างมีประสิทธิภาพเรื่อง ไข้เลือดออก
246 30 ^aไข้เลือดออก
250    ^aพิมพ์ครั้งที่ 1
260    ^aกรุงเทพฯ :^bสมาคมกุมารแพทย์แห่งประเทศไทย,^c2549
300    ^a51 หน้า ;^c21 ซม.
650  7 ^aการสื่อสารทางการแพทย์
650  7 ^aไข้เลือดออก
700 0  ^aชิษณุ พันธุ์เจริญ,^eบรรณาธิการ
700 0  ^aอุษา ทิสยากร,^eบรรณาธิการ
710 2  ^aสมาคมกุมารแพทย์แห่งประเทศไทย
945    ^p90^l0^i24843
995    ^aทศพร
999    ^aทศพร
รายการนี้ยังไม่มีแท็ก
คุณยังไม่ได้ล็อกอิน คุณสามารถมีกิจกรรมร่วมกับเว็บไซต์ได้ แต่ต้องล็อกอินก่อน ::
  ล็อกอิน

รายการสื่อสารสนเทศ

ลำดับที่ ประเภท เลขเรียก/บาร์โค้ด สถานที่ สถานะ
1. วิทยาศาสตร์การแพทย์ และสุขภาพ
วิทยาศาสตร์การแพทย์ และสุขภาพ
WC534 ช424C ฉ.1 
  Barcode: 24843
ห้องสมุดวิทยาเขตสวรรค์ประชารักษ์
►หนังสือทั่วไป
บนชั้น

รายการใกล้เคียง
    หัวเรื่อง [การสื่อสารทางการแพทย์]
    หัวเรื่อง [ไข้เลือดออก]

BibComment


ยังไม่เคยถูกคอมเมนท์

คอมเมนท์ทรัพยากรรายการนี้
  คอมเมนท์: Communication sk..


 Copyright 2026. Bcnsprnw @Library